[Event "SF Telgte 1 - Schach Nienberge 2"]
[Site "Verbandsliga 2019/2020"]
[Date "2019.11.09"]
[Round "3.6"]
[White "Esser, Peter"]
[Black "Schulte Austum, Frank"]
[Result "1/2-1/2"]
[WhiteElo "1733"]
[BlackElo "1734"]
[PlyCount "63"]
[EventDate "2019.??.??"]
[SourceDate "2019.12.15"]

1. d4 d5 2. g3 e6 3. Bg2 f5 4. Nf3 Nf6 5. O-O Be7 6. c4 c6 7. Qc2 O-O 8. b3 Ne4
9. Nbd2 Nd7 10. Bb2 a5 11. a3 Nxd2 12. Qxd2 Nf6 13. Ne5 Bd7 14. c5 b6 15. b4
axb4 16. axb4 bxc5 17. bxc5 Qc7 18. Qc2 Rfb8 19. Bc3 Ne4 20. Bxe4 fxe4 21. h4
Bf6 22. Ng4 Be8 23. Nxf6+ gxf6 24. Bd2 e5 25. Be3 Bh5 26. Rxa8 Rxa8 27. Rb1 Rb8
28. Rxb8+ Qxb8 29. Qd2 Qb5 30. Kf1 Qb1+ 31. Kg2 Qb5 32. Kf1 1/2-1/2

[Event "SF Telgte 1 - Schach Nienberge 2"]
[Site "Verbandsliga 2019/2020"]
[Date "2019.11.09"]
[Round "3.7"]
[White "Hagemann, Lars"]
[Black "Rex, Dieter"]
[Result "1/2-1/2"]
[WhiteElo "1724"]
[BlackElo "1698"]
[PlyCount "65"]
[EventDate "2019.??.??"]
[SourceDate "2019.12.15"]

1. e4 c5 2. Nf3 d6 3. d4 cxd4 4. Nxd4 a6 5. c4 Nf6 6. Nc3 Nc6 7. Be2 e6 8. O-O
Be7 9. Be3 O-O 10. f4 Qc7 11. Bf3 Bd7 12. Rc1 Rac8 13. Nxc6 Bxc6 14. Qe2 Qb8
15. Qf2 Nd7 16. b4 b5 17. cxb5 Bxb5 18. Nxb5 Qxb5 19. a3 Nf6 20. Rc2 Qd3 21.
Rxc8 Rxc8 22. Qe2 Qxa3 23. e5 Ne8 24. Bb7 Rc3 25. Bd4 Rc7 26. Bxa6 Qxb4 27. Qd3
dxe5 28. Bxe5 Qc5+ 29. Kh1 Bd6 30. Qb5 Re7 31. Qxc5 Bxc5 32. Rc1 Bd6 33. Rc8
1/2-1/2

[Event "SF Telgte 1 - Schach Nienberge 2"]
[Site "Verbandsliga 2019/2020"]
[Date "2019.11.09"]
[Round "3.8"]
[White "Schenke, Conrad"]
[Black "Scharlow, Siegmar"]
[Result "1/2-1/2"]
[WhiteElo "1669"]
[BlackElo "1750"]
[PlyCount "61"]
[EventDate "2019.??.??"]
[SourceDate "2019.12.15"]

1. d4 Nf6 2. Nc3 d5 3. Bf4 e6 4. Nf3 Nc6 5. e3 a6 6. Bd3 Be7 7. Ne5 Nxe5 8.
Bxe5 O-O 9. O-O Nd7 10. Bg3 c5 11. b3 b5 12. a3 c4 13. Be2 cxb3 14. cxb3 Bb7
15. b4 Rc8 16. Rc1 Nb6 17. Qb3 Bd6 18. Bxd6 Qxd6 19. a4 Nc4 20. Rc2 Bc6 21.
axb5 axb5 22. Ra1 Ra8 23. Rca2 Qd7 24. Ra6 g6 25. R1a2 Qb7 26. Rxa8 Rxa8 27.
Rxa8+ Qxa8 28. Qa2 Qf8 29. Qb3 Qa8 30. Qa2 Qf8 31. Qb3 1/2-1/2

[Event "SF Beelen 1 - SK Königsspringer Nordwal"]
[Site "Verbandsliga 2019/2020"]
[Date "2019.11.09"]
[Round "3.1"]
[White "Lerke, Bernd"]
[Black "Hofene, Dieter"]
[Result "0-1"]
[WhiteElo "1888"]
[BlackElo "1991"]
[PlyCount "86"]
[EventDate "2019.??.??"]
[SourceDate "2019.12.15"]

1. d4 Nf6 2. c4 e6 3. Nc3 Bb4 4. Qc2 O-O 5. Bg5 h6 6. Bd2 d6 7. Nf3 Nbd7 8. a3
Bxc3 9. Bxc3 Qe7 10. e4 e5 11. dxe5 dxe5 12. Be2 Re8 13. O-O b6 14. Rfe1 Bb7
15. Bf1 Nh5 16. Re3 Nf4 17. g3 Ng6 18. Bg2 Rad8 19. h4 Qe6 20. b3 Nf6 21. Rae1
a5 22. c5 Ba6 23. Bb2 Qd7 24. Rc3 Bd3 25. Qc1 Nxe4 26. h5 Nxg3 27. Rxd3 Qxd3
28. fxg3 e4 29. hxg6 exf3 30. gxf7+ Kxf7 31. Bf1 f2+ 32. Kxf2 Rxe1 33. Qxe1
Qc2+ 34. Kg1 Qxb2 35. Bc4+ Kf8 36. cxb6 cxb6 37. Qe6 Rd1+ 38. Bf1 Qf6 39. Qc8+
Kf7 40. Qc7+ Kg8 41. Qc8+ Qf8 42. Qc4+ Kh8 43. a4 Qxf1+ 0-1

[Event "SF Beelen 1 - SK Königsspringer Nordwal"]
[Site "Verbandsliga 2019/2020"]
[Date "2019.11.09"]
[Round "3.2"]
[White "Hanewinkel, Winfried"]
[Black "Sandmann, Matthias"]
[Result "0-1"]
[WhiteElo "1914"]
[BlackElo "1751"]
[PlyCount "84"]
[EventDate "2019.??.??"]
[SourceDate "2019.12.15"]

1. d4 Nf6 2. c4 c5 3. d5 e6 4. Nc3 d6 5. e4 g6 6. f4 exd5 7. cxd5 Bg7 8. Bb5+
Nfd7 9. Nf3 a6 10. Bxd7+ Nxd7 11. a4 O-O 12. O-O b6 13. Re1 Qc7 14. Ra3 Bb7 15.
Be3 Rae8 16. Bf2 h6 17. Qd2 Qd8 18. Bg3 Nf6 19. h3 Nh5 20. Bh2 f5 21. e5 dxe5
22. Nxe5 Re6 23. Qd1 Rd6 24. Nxg6 Bd4+ 25. Kh1 Rxg6 26. Qxh5 Rff6 27. Qe2 Kf7
28. Qh5 Kg7 29. Re5 Bxc3 30. Rxc3 Bxd5 31. Rg3 Be4 32. Qe2 c4 33. h4 Rd6 34.
Rxe4 Rd1+ 35. Bg1 Qxh4+ 36. Rh3 Qxh3+ 37. gxh3 Rdxg1+ 38. Kh2 R6g2+ 39. Qxg2+
Rxg2+ 40. Kxg2 fxe4 41. Kg3 Kg6 42. Kg4 h5+ 0-1

[Event "SF Beelen 1 - SK Königsspringer Nordwal"]
[Site "Verbandsliga 2019/2020"]
[Date "2019.11.09"]
[Round "3.3"]
[White "Kasubke, Manfred"]
[Black "Hanewinkel, Martin"]
[Result "1-0"]
[WhiteElo "1834"]
[BlackElo "1853"]
[PlyCount "69"]
[EventDate "2019.??.??"]
[SourceDate "2019.12.15"]

1. e4 c5 2. Nf3 e6 3. Nc3 a6 4. a4 Nc6 5. Bc4 Qc7 6. O-O Nf6 7. d3 Ng4 8. g3 h5
9. Bg5 Bd6 10. Nh4 f6 11. Ng6 Rh7 12. Bf4 Kf7 13. Bxd6 Qxd6 14. Nf4 g6 15. h4
Nce5 16. Nh3 b6 17. Qe2 Bb7 18. Kh1 Qd4 19. Bb3 Ke8 20. f3 Ne3 21. Rfe1 Nf5 22.
Kh2 Nh6 23. Nf4 Ke7 24. Rad1 g5 25. Ng2 g4 26. f4 Nf3+ 27. Kh1 Nxe1 28. Rxe1 f5
29. e5 Bc6 30. Nd5+ Bxd5 31. c3 Bxb3 32. cxd4 cxd4 33. Qf2 Rc8 34. Qxd4 Rc6 35.
Qb4+ 1-0

[Event "SF Beelen 1 - SK Königsspringer Nordwal"]
[Site "Verbandsliga 2019/2020"]
[Date "2019.11.09"]
[Round "3.4"]
[White "Hanewinkel, Christian"]
[Black "Hols, Bernhard"]
[Result "0-1"]
[WhiteElo "1803"]
[BlackElo "1774"]
[PlyCount "68"]
[EventDate "2019.??.??"]
[SourceDate "2019.12.15"]

1. d4 d5 2. c4 e6 3. Nc3 Nf6 4. Bg5 Be7 5. Nf3 c6 6. cxd5 exd5 7. e3 O-O 8. Bd3
Nbd7 9. O-O h6 10. Bh4 Ne4 11. Bg3 Nxg3 12. hxg3 f5 13. Qc2 g6 14. Ne2 Bg5 15.
Kh2 Kg7 16. Ne5 h5 17. Rh1 Nf6 18. Kg1 Ng4 19. Nf4 Bxf4 20. gxf4 Qe7 21. Rc1
Bd7 22. Qe2 Nxe5 23. fxe5 f4 24. Bxg6 f3 25. gxf3 Kxg6 26. f4 h4 27. f3 Rg8 28.
Qd3+ Bf5 29. e4 dxe4 30. fxe4 Kf7+ 31. Kh2 Be6 32. f5 Rg7 33. Qe2 Qg5 34. Rcf1
Qg3# 0-1

[Event "SF Beelen 1 - SK Königsspringer Nordwal"]
[Site "Verbandsliga 2019/2020"]
[Date "2019.11.09"]
[Round "3.5"]
[White "Schmidt, Ralf"]
[Black "Fartmann, Franz Josef"]
[Result "0-1"]
[WhiteElo "1604"]
[BlackElo "1796"]
[PlyCount "30"]
[EventDate "2019.??.??"]
[SourceDate "2019.12.15"]

1. e4 c5 2. Nc3 d6 3. f4 g6 4. Bb5+ Bd7 5. Bd3 Bg7 6. Nf3 Nc6 7. O-O a6 8. a3
b5 9. f5 Nf6 10. fxg6 hxg6 11. Qe1 c4 12. Be2 Ng4 13. d3 Nd4 14. Bd1 Qb6 15.
Nd5 Nxf3+ 0-1

[Event "SF Beelen 1 - SK Königsspringer Nordwal"]
[Site "Verbandsliga 2019/2020"]
[Date "2019.11.09"]
[Round "3.6"]
[White "Beckmann, Frank"]
[Black "Steens, Rudolf"]
[Result "1/2-1/2"]
[WhiteElo "1741"]
[BlackElo "1808"]
[PlyCount "52"]
[EventDate "2019.??.??"]
[SourceDate "2019.12.15"]

1. d4 d5 2. Bf4 e6 3. e3 Nf6 4. a3 c6 5. c4 Bd6 6. Bg3 Qc7 7. Bxd6 Qxd6 8. Nf3
Nbd7 9. Nc3 a6 10. Bd3 b5 11. cxb5 cxb5 12. O-O Bb7 13. Qe2 O-O 14. Rfc1 Rfc8
15. Na2 Nb6 16. Rxc8+ Rxc8 17. Rc1 Nc4 18. Bb1 g6 19. Nb4 a5 20. Nd3 Ne4 21.
Qd1 Kg7 22. Qb3 Ba6 23. Qd1 f6 24. Nfe1 Qb6 25. Nc2 Ned2 26. Ba2 Ne4 1/2-1/2

[Event "SF Beelen 1 - SK Königsspringer Nordwal"]
[Site "Verbandsliga 2019/2020"]
[Date "2019.11.09"]
[Round "3.7"]
[White "Holstegge, Ludger"]
[Black "Fuisting, Dominik"]
[Result "1/2-1/2"]
[WhiteElo "1734"]
[BlackElo "1840"]
[PlyCount "111"]
[EventDate "2019.??.??"]
[SourceDate "2019.12.15"]

1. c4 c6 2. d4 e6 3. e4 d5 4. Nc3 Bb4 5. e5 Ne7 6. a3 Bxc3+ 7. bxc3 dxc4 8.
Bxc4 Nd5 9. Ne2 b5 10. Bd3 Nd7 11. O-O N7b6 12. Qc2 Rb8 13. Bd2 Ba6 14. a4 Nxa4
15. Rxa4 bxa4 16. Bxa6 Nc7 17. Qxa4 Nxa6 18. Qxc6+ Qd7 19. Qxa6 O-O 20. f4 Rfc8
21. Qd3 Rb2 22. Rb1 Rcb8 23. Rxb2 Rxb2 24. Bc1 Rb3 25. Qc2 Qb7 26. c4 h6 27.
Kf2 Rb4 28. Bd2 Rb2 29. Qd3 Qa6 30. Nc1 Qa4 31. Ke2 Qa1 32. Qc3 Qb1 33. Kd1 Rb8
34. Qd3 Qb7 35. g3 Qh1+ 36. Be1 Qxh2 37. d5 exd5 38. cxd5 Qh5+ 39. Ne2 Qg4 40.
Bc3 h5 41. Qe4 h4 42. gxh4 Qxh4 43. e6 fxe6 44. Qxe6+ Kh8 45. Bxg7+ Kxg7 46.
Qe5+ Kf7 47. Qxb8 Qh1+ 48. Kd2 Qxd5+ 49. Ke3 Qc5+ 50. Nd4 Qc1+ 51. Ke4 Qh1+ 52.
Kd3 Qf1+ 53. Kd2 Qg2+ 54. Kc3 Qh3+ 55. Kb4 a5+ 56. Kc5 1/2-1/2

[Event "SF Beelen 1 - SK Königsspringer Nordwal"]
[Site "Verbandsliga 2019/2020"]
[Date "2019.11.09"]
[Round "3.8"]
[White "Hofene, Josef"]
[Black "Keller, Hansjuergen"]
[Result "1/2-1/2"]
[WhiteElo "1760"]
[BlackElo "1673"]
[PlyCount "63"]
[EventDate "2019.??.??"]
[SourceDate "2019.12.15"]

1. e4 c5 2. Nc3 Nc6 3. g3 Nf6 4. Bg2 d6 5. Nge2 e5 6. O-O Be7 7. d3 O-O 8. h3
Bd7 9. Be3 a6 10. Qd2 b5 11. f4 Nd4 12. Nd1 Bc6 13. c3 Nxe2+ 14. Qxe2 a5 15.
Nf2 b4 16. d4 bxc3 17. bxc3 Nd7 18. Rab1 Qc7 19. fxe5 dxe5 20. d5 Bb7 21. c4
Ba6 22. Rfc1 Rab8 23. Bf1 Rxb1 24. Rxb1 f5 25. exf5 Rxf5 26. Qg4 Rf7 27. Ne4
Nf6 28. Nxf6+ Bxf6 29. Bd3 Be7 30. Qe4 g6 31. Bh6 Bd6 32. Kg2 1/2-1/2